000 00880nab a2200241uuc4500
001 984236
005 20240419090255.0
008 060714s2006 spa
035 _a984236
035 _a(OCoLC)820356768
040 _ccomduadb
041 _aspa
100 1 0 _aValverde Ramirez, Lourdes
_4aut
_eaut
_9299496
245 1 3 _aLa integración didáctica : una alternativa para la formación profesional del maestro de matemáticas y física
650 _aDidáctica de las matemáticas
_91342
650 _aInvestigación educativa
_94655
650 _aInnovación curricular
_969618
650 _aFormación de docentes
_9175860
650 7 _aPlanes de estudio
_2
_9839
700 1 0 _aEscobar Londoño, Julia Victoria
_4aut
_eaut
_9414163
773 0 _tUni-pluri/versidad (Medellín)
_gVol. 06, No. 01, 2006, P. 47-62
_w667169
_x1657-4249
_0200034
942 _cARIMP
999 _c393796
_d393796